[Event "Tata Steel-A 73rd"]
[Site "Wijk aan Zee"]
[Date "2011.01.16"]
[Round "2"]
[White "Wang, Hao"]
[Black "Nepomniachtchi, Ian"]
[Result "0-1"]
[WhiteElo "2731"]
[BlackElo "2733"]
[Annotator "RR"]
[PlyCount "160"]
[EventDate "2011.01.14"]
[EventType "tourn"]
[EventRounds "13"]
[EventCountry "NED"]
[EventCategory "20"]
[SourceTitle "CBM 141"]
[Source "ChessBase"]
[SourceDate "2011.03.17"]
[SourceVersion "1"]
[SourceVersionDate "2011.03.17"]
[SourceQuality "1"]

1. d4 Nf6 2. c4 g6 3. f3 d6 4. Nc3 e5 5. dxe5 dxe5 6. Qxd8+ Kxd8 7. Bg5 Be7 8.
O-O-O+ Nbd7 9. Nh3 h6 10. Be3 c6 11. Nf2 Kc7 12. Nd3 b6 13. g3 Ba6 14. b3 Rae8
15. Bh3 Bc8 16. Kc2 Bf8 17. f4 exf4 18. Bxf4+ Kb7 19. b4 g5 20. Bc1 Ne5 21.
Bxc8+ Kxc8 22. Nxe5 Rxe5 23. Rhf1 Re6 24. Kb3 Be7 25. b5 Rd8 26. bxc6 Rxd1 27.
Rxd1 Rxc6 28. Nb5 Re6 29. e3 a6 30. Nd4 Re5 31. Rf1 Kd7 32. Nf5 Ke6 33. Ng7+
Kd7 34. Nf5 Ke6 35. Ng7+ Kd7 36. Kc2 Ne4 37. Nf5 Ra5 38. Bb2 Rxa2 39. Rd1+ Ke8
40. Kb3 Ra5 41. Nxh6 Nc5+ 42. Kc2 Ra4 43. Nf5 Rxc4+ 44. Kb1 g4 45. Rd5 Ne6 46.
Be5 Rc6 47. e4 f6 48. Bb2 Nc7 49. Rd3 Rc4 50. Rd4 Rxd4 51. Bxd4 b5 52. Nh6 Ne6
53. Be3 Nc5 54. Bxc5 Bxc5 55. Nxg4 Kf7 56. h4 Kg6 57. Kc2 a5 58. h5+ Kg5 59. h6
Bf8 60. h7 Bg7 61. Ne3 Kg6 62. Nd5 Kxh7 63. Nc7 b4 64. Kb3 Bf8 65. Nd5 Kg6 66.
Ka4 Bd6 67. Kxa5 b3 68. Nc3 Be5 69. Kb4 b2 70. Nb1 Kg5 71. Kc4 Kg4 72. Kd3 Kxg3
73. Ke3 Bf4+ 74. Ke2 Bc1 75. Nc3 Kf4 76. Kd3 Kf3 77. Kc2 Bf4 78. Nb1 $4 (78.
Kd3 $11) 78... Kxe4 79. Kxb2 Kd3 80. Kb3 Be5 0-1

[Event "Tata Steel-A 73rd"]
[Site "Wijk aan Zee"]
[Date "2011.01.21"]
[Round "6"]
[White "Giri, Anish"]
[Black "Nepomniachtchi, Ian"]
[Result "0-1"]
[WhiteElo "2686"]
[BlackElo "2733"]
[Annotator "Krasenkow,M"]
[PlyCount "76"]
[EventDate "2011.01.14"]
[EventType "tourn"]
[EventRounds "13"]
[EventCountry "NED"]
[EventCategory "20"]
[SourceTitle "CBM 141"]
[Source "ChessBase"]
[SourceDate "2011.03.17"]
[SourceVersion "1"]
[SourceVersionDate "2011.03.17"]
[SourceQuality "1"]

1. d4 Nf6 2. c4 g6 3. Nc3 d5 4. cxd5 Nxd5 5. e4 Nxc3 6. bxc3 Bg7 7. Nf3 c5 8.
Be3 Bg4 9. Rc1 (9. Qd2 {looks more accurate to me.}) 9... Bxf3 {The most
"primitive" approach - and it works!} (9... Qa5 {is usually played.}) 10. gxf3
cxd4 11. cxd4 O-O 12. f4 $146 (12. Qd2 {looks the most logical but Black
manages to attack the d4 pawn:} e6 13. Bg2 Nc6 14. d5 exd5 15. exd5 Ne7 16. f4
Nf5 17. O-O Re8 18. Rfd1 Nd6 $15 {1/2 Sundararajan,K (2449)-Gopal,G (2609)/New
Delhi IND 2010/The Week in Chess 840 (37)}) ({I am curious about what Black
had prepared against} 12. Bc4 $5 Qa5+ 13. Kf1 Nc6 14. d5 Ne5 15. Bb3 Rac8 16.
Kg2 Qa6 17. Qd2 b5 18. Rxc8 Rxc8 19. Rc1 Nc4 20. Bxc4 bxc4 21. Qb4 $14 {
1/2 Gligoric,S (2565)-Beliavsky,A (2590)/Vienna 1980/MCL (75)}) 12... e6 13.
Bg2 Nc6 14. e5 (14. d5 exd5 15. exd5 Ne7 16. O-O Nf5 {[%cal Yf5d6] , and White
must probably liquidate into an equal ending by means of} 17. d6 Qxd6 18. Bxb7
Rab8 19. Qxd6 Nxd6 20. Bf3 {- Black's better pawn structure compensates for
White's bishop pair.}) 14... Qa5+ 15. Qd2 Qa6 16. Qe2 Qa5+ 17. Qd2 Qa6 18. Bf1
$6 {Absolutely unjustified. After e4-e5 White has no advantage whatsoever, and
he should have accepted a draw.} Qa4 19. Rc4 Qb5 20. Rc5 (20. Be2 Ne7 $15)
20... Qb1+ 21. Ke2 Qe4 22. f3 Qf5 23. h4 (23. Kf2 Rfd8 $15) 23... Qh5 24. Bf2
$2 {Not a good idea - to leave the king on e2.} (24. Kf2) (24. d5 exd5 25. Rxd5
Rfd8 26. Kf2 $11) 24... Rfd8 {[%mdl 128]} 25. Bh3 Bf8 26. Bg4 {The bishop can
achieve nothing here.} Qh6 27. Rc4 Rd5 {Black quickly creates a decisive
attack on the d4-pawn.} 28. h5 Rad8 29. Rh3 Bc5 30. hxg6 Qxg6 31. f5 exf5 32.
Bh5 Nxd4+ $1 33. Kf1 (33. Rxd4 Qa6+) (33. Bxd4 Qg2+) 33... Nxf3 $1 34. Qxd5
Rxd5 35. Bxf3 (35. Bxg6 Nd2+ 36. Kg2 Nxc4 37. Bxh7+ Kg7 $19) 35... Bxf2 36.
Bxd5 Qg1+ 37. Ke2 Qe1+ 38. Kf3 Qf1 0-1

[Event "RUS-ch Higher League 66th"]
[Site "Ekaterinburg"]
[Date "2013.06.27"]
[Round "7"]
[White "Nepomniachtchi, Ian"]
[Black "Grachev, Boris V"]
[Result "1-0"]
[WhiteElo "2717"]
[BlackElo "2683"]
[Annotator "CB"]
[PlyCount "77"]
[EventDate "2013.06.20"]
[EventType "swiss"]
[EventRounds "9"]
[EventCountry "RUS"]
[SourceTitle "CBM 155"]
[Source "ChessBase"]
[SourceDate "2013.07.16"]
[SourceVersion "1"]
[SourceVersionDate "2013.07.16"]
[SourceQuality "1"]

1. e4 c5 2. Nf3 e6 3. d4 cxd4 4. Nxd4 Nc6 5. Nc3 a6 6. Be2 d6 7. Be3 Bd7 8. f4
b5 9. a3 Nf6 10. g4 Nxd4 11. Qxd4 Nxg4 12. Bxg4 Qh4+ 13. Kd2 Qxg4 14. Rad1 Qh4
15. Kc1 {Ian Nepomniachtchi: "Bei der Vorbereitung hatte ich eine ähnliche
Stellung auf dem Brett. Weiß hat einen Bauern für sehr starke Initiative
geopfert und es ist nicht klar, wo Schwarz besser spielen kann."} Qd8 16. Rhg1
Rc8 17. f5 e5 ({Ian Nepomniachtchi: "Wahrscheinlich hätte man hier nicht den
e-Bauern ziehen, sondern} 17... Qc7 {mit der Idee ...Dc4 spielen sollen, aber
auch dann ist die schwarze Stellung schwer zu verteidigen."}) 18. Qd3 Bc6 19.
Kb1 Qc7 20. Qe2 Bb7 21. Rd3 Qc4 22. Qg2 g6 23. Nd5 Bxd5 24. exd5 Qc7 25. Rc3
Qd7 26. Rxc8+ Qxc8 27. f6 {Weiß hat den Läufer auf f8 eingemauert und spielt
praktisch mit einer Figur mehr.} h5 28. Qd2 h4 29. Ka1 ({Ian Nepomniachtchi:
"Eigentlich wollte ich} 29. c4 {spielen, aber} Qf5+ {gefiel mir nicht."}) 29...
h3 30. c4 bxc4 31. Qb4 Rh4 32. Rc1 Re4 33. Rc3 {Obwohl Weiß zwei volle Bauern
weniger hat, ist es Schwarz, der in Verlustgefahr schwebt. Ian Nepomniachtchi:
"Weiß will den Bauern a6 gewinnen, danach die Damen tauschen und das Endspiel
mit dem eingeschlossenen Läufer auf f8 gewinnen."} Be7 34. fxe7 Kxe7 35. Qb6
Rg4 36. Bh6 Qc5 37. Qb7+ Ke8 38. Rf3 f5 39. Bf8 $3 (39. Bf8 $3 {und Grachev
gab auf, denn nach} Kxf8 40. Rxh3 Kg8 41. Qh7+ Kf8 42. Qh8+ Ke7 43. Rh7# {
wird er mattgesetzt.}) 1-0

[Event "Danzhou 7th"]
[Site "Danzhou"]
[Date "2016.07.11"]
[Round "4"]
[White "Leko, Peter"]
[Black "Nepomniachtchi, Ian"]
[Result "0-1"]
[WhiteElo "2712"]
[BlackElo "2725"]
[Annotator "Prasanna,V"]
[PlyCount "92"]
[EventDate "2016.07.08"]
[EventType "tourn"]
[EventRounds "9"]
[EventCountry "CHN"]
[EventCategory "20"]
[SourceTitle "CBM 174"]
[Source "ChessBase"]
[SourceDate "2016.09.13"]
[SourceVersion "1"]
[SourceVersionDate "2016.09.13"]
[SourceQuality "1"]

1. e4 c5 2. Nf3 d6 3. d4 cxd4 4. Nxd4 Nf6 5. Nc3 a6 6. f3 e5 7. Nb3 Be6 8. Be3
Be7 (8... h5 {is statistically the more popular route for Black but I believe
White does have some chances of an advantage there although the whole
variation is quite complex.}) 9. Qd2 h5 {A rare sibling of the traditional ...
h5.} (9... O-O 10. O-O-O Nbd7 11. g4 b5 {is one of the main lines and is
considered playable for both sides at the moment.}) 10. Be2 (10. Nd5 Bxd5 11.
exd5 Nbd7 {transposes to the game position after} 12. Be2) (10. O-O-O Nbd7 11.
Nd5 Bxd5 12. exd5 Qc7 $1 (12... Nb6 $6 13. Qa5) 13. Kb1 Nb6 14. Qa5 Rc8 15. c3
Bd8 16. Bxb6 Qxb6 17. Qa4+ Kf8 {1/2-1/2 (50) Wei,Y (2641)-Zhou,J (2580)
Zhongshan 2014. The chances are balanced in the final position and Black has
emerged with equality from the opening.}) 10... Nbd7 11. Nd5 Bxd5 12. exd5 O-O
13. O-O Qb8 {A very common plan nowadays in the Najdorf and sometimes even in
the Ruy Lopez especially in the d6-e5 structure.} 14. Kh1 Bd8 {Nepomniatchi
had already employed the same plan with Black back in 2014 albeit
unsuccessfully.} 15. f4 (15. c4 Bb6 (15... b5 $5 {might have been
Nepomniatchi's planned improvement here.} 16. c5 (16. cxb5 axb5 17. a3 Re8) (
16. Bg5 bxc4 17. Bxc4 Bb6 $132) 16... dxc5 17. Nxc5 Bb6 18. Nxd7 Nxd7 19. Bxb6
Qxb6 {looks about equal for Black}) 16. Bxb6 Nxb6 17. f4 (17. g4 $5) 17... e4
$13 {1-0 (57) Saric,I (2666)-Nepomniachtchi,I (2735) Poikovsky 2014}) 15... Re8
16. c4 (16. fxe5 {was White's best chance to fight for an advantage:} Nxe5 17.
Nd4 g6 (17... Neg4 18. Bg1) 18. c4 Qc7 {with a complicated game but one which
Black has not fully equalised yet.}) 16... b5 $1 (16... Bb6 17. Bxb6 Nxb6 18.
fxe5 Rxe5 19. Rxf6 $1 gxf6 20. Nd4 $16 {White has more than sufficient
compensation for the exchange.}) 17. fxe5 Nxe5 18. cxb5 axb5 19. Nd4 (19. Bg1 {
was White's last opportunity to keep the game complicated and the struggle
going.} Qb7 20. Nd4 Bb6 21. Nxb5 $14 (21. Rxf6 Bxd4 22. Qxd4 gxf6 23. Bxh5 Kg7
24. Rf1 Rh8 $132) (21. Bxb5)) 19... Nc4 20. Bxc4 bxc4 21. Bg1 Qb7 22. Qc2 Ne4
23. Rae1 Qxd5 {Black is better because the central pawns are more dangerous
than White's queenside pawns in the middlegame.} 24. Rf5 Qb7 25. Rb5 (25. Qxc4
{loses to} Ng3+ $19) 25... Qe7 26. Rf1 g6 27. Nf3 Qe6 28. a4 h4 29. Nd4 Qd7 30.
Qxc4 h3 31. Rf4 Nc5 (31... hxg2+ 32. Kxg2 Nc5 {was the better move order.}) 32.
b3 (32. gxh3 Rxa4 33. b4 {gives White some chances of defending.}) 32... hxg2+
33. Kxg2 Rc8 34. Qf1 Bg5 35. Rf3 Ne4 36. Rd3 Qg4+ 37. Kh1 Rc1 38. Qg2 Qh4 39.
Rf3 Be3 {Nepomniatchi is very accurate in converting his advantage} 40. Ne2
Nf2+ 41. Rxf2 Bxf2 42. Nxc1 Bxg1 43. Qg3 Qd4 44. Qxg1 Qd2 {White has no
defense against Black's strong attack. His pieces are completely uncoordinated.
} 45. Nd3 Qxd3 46. Rg5 Re2 {Serious material losses are inevitable for White
and so he resigns.} 0-1

[Event "Moscow FIDE GP"]
[Site "Moscow"]
[Date "2017.05.15"]
[Round "4"]
[White "Adams, Michael"]
[Black "Nepomniachtchi, Ian"]
[Result "0-1"]
[WhiteElo "2747"]
[BlackElo "2751"]
[Annotator "Szabo,Kr"]
[PlyCount "98"]
[EventDate "2017.05.12"]
[EventType "swiss"]
[EventRounds "9"]
[EventCountry "RUS"]
[SourceTitle "CBM 179"]
[Source "ChessBase"]
[SourceDate "2017.07.12"]
[SourceVersion "1"]
[SourceVersionDate "2017.07.12"]
[SourceQuality "1"]

1. e4 c5 2. Nf3 d6 3. d4 cxd4 4. Nxd4 Nf6 5. Nc3 a6 6. g3 e5 7. Nde2 Be7 8. Bg2
O-O 9. O-O b5 (9... Be6) ({and} 9... Nbd7 {are also popular lines.}) 10. Nd5
Nxd5 11. Qxd5 Ra7 12. Be3 Be6 13. Qd3 $146 {A novelty by Adams.} (13. Qd2 {
was played by Nakamura,} Rb7 14. Nc3 Nd7 15. Nd5 Bxd5 (15... Nf6 $5) 16. Qxd5
Qc7 17. c3 Nb6 18. Qd3 Qc4 19. Qc2 Qc6 20. Rfd1 $14 {Nakamura-Popilski, Eilat
2012, with a comfortable position for White.}) 13... Rb7 14. b3 {White
prepares for Nc3-d5, but first he prevents ...Bc4.} Nd7 15. Nc3 Nf6 16. a4 $1 {
The right positional move. White would like to open the a-file for his rook.}
Qd7 ({Black can't close with} 16... b4 $2 {, because of} 17. Qxa6 $1 $16) 17.
axb5 axb5 18. Ra6 {White starts the penetration on the a-file.} Rc8 19. Rfa1 b4
20. Na4 Qc7 21. Ra2 Nd7 22. Qf1 {He goes out from ...Nc5 and prepares for f4.}
Rcb8 {Black controls the b6-square more.} (22... h6 23. f4 $1 Nf6 24. Nb6 $14 {
is unpleasant for Black.}) 23. Qd1 ({Now} 23. f4 $6 {is dubious, as} Nf6 $1 {
and Black looks nicely placed.}) 23... h6 24. h4 Bf8 25. Bf3 $6 {Inaccuracy.} (
25. Nb2 $1 $14 {was better followed by Nd3.}) 25... Nf6 26. Bg2 $2 {An
unexpected decision, Adams went back to g2 with the B. Moreover now Black can
gain the initiative.} ({Still} 26. Nb2 {was important.}) 26... Bd7 $1 {Black
finds a nice bishop manoeuvre.} 27. Nb2 Bc6 $1 {Now White has a big problem
with his e4-pawn.} 28. Nc4 {Still the best chance.} (28. Qd3 $2 {is bad, as}
Bb5 $17) ({or} 28. f3 $2 d5 $1 $17 {and Black is much better.}) 28... Bxe4 29.
Ba7 (29. Nxd6 $2 {does not work, because of} Rd8 $19 {and Black wins.}) 29...
Re8 30. Bb6 Qd7 31. Na5 $6 {A dubious move, but White's position was already
difficult.} (31. f3 Bc6 $17 {is also better for Black.}) 31... Bxg2 32. Kxg2
Rbb8 $19 33. Ra7 Qb5 ({The engine suggests} 33... Qe6 $19 {followed by ...d5.})
34. Bc7 Ra8 35. Nc4 Rxa7 36. Rxa7 Qc5 37. Qa1 Ng4 (37... Qc6+ $1 {was easier,}
38. Kg1 Ng4 $19 {with a completely winning position for Black.}) 38. Bb6 Qc6+
39. f3 e4 $5 40. fxg4 e3+ 41. Kh2 e2 42. Qe1 d5 $1 {This is the point! Black
wins back the piece and he has a pawn on e2.} 43. Be3 dxc4 44. Qxe2 Qe6 45. Qf2
Qxe3 46. Qxf7+ Kh8 47. bxc4 Qe2+ 48. Kh3 Qd1 $1 49. g5 h5 0-1